Celebrity Names by Clues Quiz Stats

 Plays Quiz Updated Nov 29, 2018

Challenge
Share
Tweet
Embed
Score 0/20 Timer 04:00
0 Plays Today
First Name Clue Full Name % Correct
Amazon or NileRiver Phoenix
90.5%
Throw something carelesslyChuck Berry
81.6%
It raises a car to fix a flatJack Black
80%
North or South state (not Carolina)Dakota Fanning
76.8%
Native of DenmarkDane Cook
74.3%
Synonym for stoneRock Hudson
70.6%
Male catTom Cruise
67.7%
A draft of a proposed lawBill Gates
64.8%
Way to get apples on Halloween?Bob Barker
64.5%
GM brandChevy Chase
62.6%
First Name Clue Full Name % Correct
Stripped, large Asian felineTiger Woods
59.4%
Male goatBilly Ocean
59.4%
Brownish yellow fossil resin used for jewelryAmber Heard
45.2%
Small evergreen with red berriesHolly Hunter
44.4%
One who gives $ to the coat-check galTipper Gore
41.6%
Male heir to the thronePrince Fielder
39.3%
Slang for bathroomJohn Waters
37.6%
'Amazing ___'Grace Kelly
35.7%
Crafty, shiftySly Stone
35.7%
Sexy, attractiveFoxy Brown
24.2%

You're not logged in!

Compare scores with friends on all Sporcle quizzes.
OR
Log In

You Might Also Like...

Show Comments

Extras

Top Quizzes Today


Score Distribution

Your Account Isn't Verified!

In order to create a playlist on Sporcle, you need to verify the email address you used during registration. Go to your Sporcle Settings to finish the process.

Report this User

Report this user for behavior that violates our Community Guidelines.

Details: